| 000 | 00586nam a22002057a 4500 | ||
|---|---|---|---|
| 005 | 20180427120212.0 | ||
| 010 | _aENG-122815 | ||
| 020 |
_a9788190393003 _c80.00 |
||
| 035 | _aEN-106347 | ||
| 037 | _bDBAD/PUB | ||
| 082 | _a337 | ||
| 100 | _aAbdul Raheem, A. | ||
| 245 |
_aInternational economics / _cby A. Abdul Raheem [and] A.Vagheesan |
||
| 260 |
_aTrichy _bLEARNTECH PRESS _c2006 |
||
| 270 |
_a99,M.M.Nagar Uyyakondan Thirumalai _bTrichy _e620102 |
||
| 300 |
_a240p. _c22cm (pbk) |
||
| 505 | _a | ||
| 700 | _aVagheesanem, A. | ||
| 942 |
_2ddc _cEN _h337 _mRAH |
||
| 999 |
_c147946 _d147946 |
||